000 00764nam a2200229 a 4500
001 000030409
005 20240412074254.0
008 110517s2011 dr r 000 p spa d
020 _a9789945004441
040 _aDO-SdBNP
_bspa
_cBNPHU
082 _aRD861.5
_bD554e
100 1 _aDickson Morales, Cristian Román
_d1991-
_957037
245 1 3 _aLa era escarlata /
_cCristian Román Dickson Morales.
260 _aSanto Domingo :
_bPrinteria,
_c2011.
300 _a93 p. ;
_c22 cm.
500 _aIncluye datos biografico del autor en la solapa de la cubierta
590 _aInventariado, 2019 / DG
650 0 _aPoesía dominicana
_966
650 0 _aCuentos dominicanos
_9176
650 0 _aLiteratura dominicana.
_967
910 _aValidado. Control de calidad. MFF
999 _c29901
_d29901